000 01165nam a2200301 4500
001 0000014721
003 CO-CtgCURN
005 20250508144050.0
007 ta
008 160627s1994 000 0 eng d
020 _a8448101693
040 _aCO-CtgCURN
_bspa
_ccoctgcurn
082 0 _a330.80
_bB83f
100 1 _aBueno Campos, Eduardo.
245 1 0 _aFundamentos de economia y organizacion industrial /
_cEduardo Bueno Campos, Patricio Morcillo Ortega.
260 _aMadrid :
_bMcGraw Hill Interamericana,
_c1994.
300 _a397 p.
336 _2rdacontent
337 _2rdamedia
_asin mediacion
_bn
338 _2rdacarrier
_avolumen
_bnc
500 _aIncluye indice\Incluye bibliografia en cada capitulo.
505 8 _aUn enfoque estrategico del entorno industrial.--Las configuraciones estructurales.--Extructuras de mercado y tipos de competencia.--Alianzas empresariales.--Estrategias industriales de mercado.--PolĂ­tica Industrial
650 1 4 _aEconomia.
700 1 _aMorcillo Ortega, Patricio.
908 _a160627
942 _cBK
_h330.80
_iB83f
_2ddc
_n0
999 _c18246
_d18246